Discurso sobre el origen de la desigualdad entre los hombres / (Record no. 135840)

MARC details
000 -LEADER
campo de control de longitud fija 00664nam a2200193 4500
001 - NÚMERO DE CONTROL
campo de control 135840
003 - IDENTIFICADOR DE NÚMERO DE CONTROL
campo de control ES-MaACL
005 - FECHA Y HORA DE LA ÚLTIMA TRANSACCIÓN
campo de control 20230906194953.0
007 - CAMPO FIJO DE DESCRIPCIÓN FÍSICA--INFORMACIÓN GENERAL
campo de control de longitud fija t|
008 - DATOS DE LONGITUD FIJA--INFORMACIÓN GENERAL
campo de control de longitud fija 070214s1999 sp r ||||1| spa d
100 1# - ENTRADA PRINCIPAL--NOMBRE DE PERSONA
Nombre de persona Rousseau, Jean-Jacques.
9 (RLIN) 100055
245 10 - MENCIÓN DEL TÍTULO
Título Discurso sobre el origen de la desigualdad entre los hombres /
Mención de responsabilidad, etc. Jean-Jacques Rousseau ; traducción de José López y López ; introducción de Jean Starobinski.
250 ## - MENCION DE EDICION
Mención de edición 1ª. ed.
260 ## - PUBLICACIÓN, DISTRIBUCIÓN, ETC.
Lugar de publicación, distribución, etc. Madrid :
Nombre del editor, distribuidor, etc. Aguilar,
Fecha de publicación, distribución, etc. 1973.
300 ## - DESCRIPCIÓN FÍSICA
Extensión XLVI, 139 p. ;
Dimensiones 19 cm.
700 1# - ENTRADA AGREGADA--NOMBRE PERSONAL
Nombre de persona López y López, José.
9 (RLIN) 74035
700 1# - ENTRADA AGREGADA--NOMBRE PERSONAL
Nombre de persona Starobinski, Jean.
9 (RLIN) 107937
852 ## - LOCALIZACIÓN
Ubicación ES-MaACL
Número de control de estantería C-52847
Sublocalización o colección R.86234
Holdings
Estatus retirado Estado de pérdida Estado de daño No para préstamo Biblioteca de origen Biblioteca actual Ubicación en estantería Fecha de adquisición Fuente de adquisición Total de préstamos Signatura topográfica completa Código de barras Visto por última vez Precio de reemplazo Tipo de ítem Koha
        Biblioteca del Ateneo de Madrid Biblioteca del Ateneo de Madrid Depósito 2 17/01/2008     C-52847 1141378 23/02/2023 23/02/2023 Libro impreso